انعكاسات لحم الخنزير علي الصحة

Bibliographic Details
Main Author: ركفاق، هاينس هايزش (Author)
Format: Book
Published: Mansurah : Dar al-Wafa' , 1988
Subjects:

MARC

LEADER 00000cam a2200000 7i4500
001 0000033421
005 20051108093000.0
020 |a 9771421433 
090 0 0 |a RA641.P5   |b R34 1988 
100 0 |a ركفاق، هاينس هايزش ,   |e author 
241 0 0 |a Inikasat lahm al-khinzir ala al-sihhah 
245 1 0 |a انعكاسات لحم الخنزير علي الصحة   |c هاينس هايزش ركفاق 
260 2 |a Mansurah :   |b Dar al-Wafa' ,   |c 1988 
300 |a 118 p. ;   |c 19 cm. 
650 0 |a Meat   |x Religious aspects   |x Islam 
650 0 |a Muslims   |x Dietary laws 
650 0 |a Swine   |x Diseases 
999 |a 1000066411   |b Book   |c OPEN SHELF (30 DAYS)   |e Gong Badak Campus